<?xml version="1.0" encoding="UTF-8"?><?xml-stylesheet type="text/xsl" href="static/style.xsl"?><OAI-PMH xmlns="http://www.openarchives.org/OAI/2.0/" xmlns:xsi="http://www.w3.org/2001/XMLSchema-instance" xsi:schemaLocation="http://www.openarchives.org/OAI/2.0/ http://www.openarchives.org/OAI/2.0/OAI-PMH.xsd"><responseDate>2026-06-29T02:38:54Z</responseDate><request verb="GetRecord" identifier="oai:docta.ucm.es:20.500.14352/113400" metadataPrefix="marc">https://docta.ucm.es/rest/oai/request</request><GetRecord><record><header><identifier>oai:docta.ucm.es:20.500.14352/113400</identifier><datestamp>2025-02-14T14:30:11Z</datestamp><setSpec>com_20.500.14352_14</setSpec><setSpec>col_20.500.14352_15</setSpec></header><metadata><record xmlns="http://www.loc.gov/MARC21/slim" xmlns:dcterms="http://purl.org/dc/terms/" xmlns:xsi="http://www.w3.org/2001/XMLSchema-instance" xmlns:doc="http://www.lyncode.com/xoai" xsi:schemaLocation="http://www.loc.gov/MARC21/slim http://www.loc.gov/standards/marcxml/schema/MARC21slim.xsd">
   <leader>00925njm 22002777a 4500</leader>
   <datafield ind2=" " ind1=" " tag="042">
      <subfield code="a">dc</subfield>
   </datafield>
   <datafield ind2=" " ind1=" " tag="720">
      <subfield code="a">Almodóvar Losada, Paloma</subfield>
      <subfield code="e">author</subfield>
   </datafield>
   <datafield ind2=" " ind1=" " tag="720">
      <subfield code="a">Giraldo, David</subfield>
      <subfield code="e">author</subfield>
   </datafield>
   <datafield ind2=" " ind1=" " tag="720">
      <subfield code="a">Chacón, Joaquín</subfield>
      <subfield code="e">author</subfield>
   </datafield>
   <datafield ind2=" " ind1=" " tag="720">
      <subfield code="a">Álvarez Serrano, Inmaculada</subfield>
      <subfield code="e">author</subfield>
   </datafield>
   <datafield ind2=" " ind1=" " tag="720">
      <subfield code="a">López García, María Luisa</subfield>
      <subfield code="e">author</subfield>
   </datafield>
   <datafield ind2=" " ind1=" " tag="260">
      <subfield code="c">2020-04-15</subfield>
   </datafield>
   <datafield ind2=" " ind1=" " tag="520">
      <subfield code="a">δ-MnO2 nanofibers, synthesized by using a simple, low-cost sol-gel method, showed high electrochemical performance as a cathode for rechargeable Al-ion batteries (AIBs). δ-MnO2 presented an initial discharge capacity of 59 mA h g−1 and stabilized at 37 mA h g−1 at a current rate of 100 mA g−1 after 15 cycles and for more than 100 cycles with almost a 99 % coulombic efficiency. Different plateaus in charge/discharge curves, consistent with CV peaks, revealed the Al-ion insertion/deinsertion and the electrochemical stability of the battery. Moreover, different rate CV measurements revealed the pseudocapacitive behavior of δ-MnO2 in AIBs. The obtained charge/discharge capacities are ten times higher than previous studies performed with this material. Ex situ Raman and high-resolution TEM measurements in different charge/discharge states revealed structural information of δ-MnO2 upon Al-ion intercalation/deintercalation.</subfield>
   </datafield>
   <datafield ind1="8" ind2=" " tag="024">
      <subfield code="a">P. Almodóvar, D. A. Giraldo, J. Chancón, I. Álvarez-Serrano, M. L. López, ChemElectroChem 2020, 7, 2102.</subfield>
   </datafield>
   <datafield ind1="8" ind2=" " tag="024">
      <subfield code="a">10.1002/celc.202000425</subfield>
   </datafield>
   <datafield ind1="8" ind2=" " tag="024">
      <subfield code="a">https://hdl.handle.net/20.500.14352/113400</subfield>
   </datafield>
   <datafield ind1="8" ind2=" " tag="024">
      <subfield code="a">https://doi.org/10.1002/celc.202000425</subfield>
   </datafield>
   <datafield ind1="8" ind2=" " tag="024">
      <subfield code="a">https://chemistry-europe.onlinelibrary.wiley.com/doi/10.1002/celc.202000425</subfield>
   </datafield>
   <datafield ind2="0" ind1="0" tag="245">
      <subfield code="a">δ-MnO2 nanofibers: a promising cathode material for new aluminum-ion batteries</subfield>
   </datafield>
</record></metadata></record></GetRecord></OAI-PMH>